Big Quiz Book (Record no. 12452)

MARC details
000 -LEADER
fixed length control field 00266nam a22000977a 4500
008 - FIXED-LENGTH DATA ELEMENTS--GENERAL INFORMATION
fixed length control field 231013b |||||||| |||| 00| 0 eng d
020 ## - INTERNATIONAL STANDARD BOOK NUMBER
International Standard Book Number 978008408961
100 ## - MAIN ENTRY--PERSONAL NAME
Personal name National Geographic
9 (RLIN) 7718
245 ## - TITLE STATEMENT
Title Big Quiz Book
260 ## - PUBLICATION, DISTRIBUTION, ETC. (IMPRINT)
Place of publication, distribution, etc. Ireland
Name of publisher, distributor, etc. Harper Collins Publishers
Date of publication, distribution, etc. 2020
Holdings
Withdrawn status Lost status Source of classification or shelving scheme Damaged status Koha normalized classification for sorting Not for loan Home library Current library Shelving location Date acquired Total Checkouts Full call number Barcode Date last seen Price effective from Koha item type
    Dewey Decimal Classification   NAT_080_000000000000000   Good Samaritan School Library Good Samaritan School Library General Knowledge 10/13/2023   NAT080 NAT17663 10/13/2023 10/13/2023 BOOK

Powered by Koha